| 000 | 00823nam a22002177a 4500 | ||
|---|---|---|---|
| 005 | 2009082404094.0 | ||
| 008 | 080708t xxu||||| |||| 00| 0 eng d | ||
| 010 | _aENG-94835 | ||
| 020 |
_c120.00 _a9788190622301 |
||
| 035 | _aEN-78368 | ||
| 037 | _bDBAD / PUB | ||
| 040 |
_adpl _bEnglish |
||
| 082 | _a515.8 | ||
| 100 | _aRani, M.G. | ||
| 245 |
_aReal analysis / _cby M.G. Rani |
||
| 260 |
_aCoimbatore _bGlobal Book Publishing _c2008 |
||
| 270 |
_a14A, Ramalinga Nagar, 4th Cross, Bharathi Park Corss Road, No.,4 Saibaba Colony, _bCoimabatore _e641011 |
||
| 300 |
_a204p. _c23cm(pbk) |
||
| 942 |
_2ddc _cEN _h515.8 _mRAN |
||
| 999 |
_c29492 _d29492 |
||